<?xml version="1.0" encoding="UTF-8"?>
<record
    xmlns:xsi="http://www.w3.org/2001/XMLSchema-instance"
    xsi:schemaLocation="http://www.loc.gov/MARC21/slim http://www.loc.gov/standards/marcxml/schema/MARC21slim.xsd"
    xmlns="http://www.loc.gov/MARC21/slim">

  <leader>02335cam a22003135a 4500</leader>
  <controlfield tag="001">18621714</controlfield>
  <controlfield tag="005">20180128104616.0</controlfield>
  <controlfield tag="008">150518t2016    maua   frb    001 0 eng d</controlfield>
  <datafield tag="020" ind1=" " ind2=" ">
    <subfield code="a">9781284089837</subfield>
  </datafield>
  <datafield tag="020" ind1=" " ind2=" ">
    <subfield code="a">1284089835</subfield>
  </datafield>
  <datafield tag="040" ind1=" " ind2=" ">
    <subfield code="a">DNLM/DLC</subfield>
    <subfield code="c">DLC</subfield>
    <subfield code="d">DLC</subfield>
    <subfield code="d">EG-ScBUE</subfield>
    <subfield code="b">eng</subfield>
  </datafield>
  <datafield tag="082" ind1="0" ind2="4">
    <subfield code="a">610.73068</subfield>
    <subfield code="2">22</subfield>
    <subfield code="b">PRO</subfield>
  </datafield>
  <datafield tag="130" ind1="0" ind2=" ">
    <subfield code="a">Project planning and management (Harris)</subfield>
  </datafield>
  <datafield tag="245" ind1="1" ind2="0">
    <subfield code="a">Project planning and management :</subfield>
    <subfield code="b">a guide for nurses and interprofessional teams /</subfield>
    <subfield code="c">[edited by] James Harris ... [et al.]                   .</subfield>
  </datafield>
  <datafield tag="250" ind1=" " ind2=" ">
    <subfield code="a">2nd ed.</subfield>
  </datafield>
  <datafield tag="260" ind1=" " ind2=" ">
    <subfield code="a">Burlington :</subfield>
    <subfield code="b">Jones &amp; Bartlett Learning,</subfield>
    <subfield code="c">c.2016.</subfield>
  </datafield>
  <datafield tag="300" ind1=" " ind2=" ">
    <subfield code="a">xiv, 261 p. :</subfield>
    <subfield code="b">ill. ;</subfield>
    <subfield code="c">23 cm.</subfield>
  </datafield>
  <datafield tag="500" ind1=" " ind2=" ">
    <subfield code="a">Preceded by: Project planning and management : a guide for CNLs, DNPs, and nurse executives / edited by James L. Harris ... [et al.]. c2011.</subfield>
  </datafield>
  <datafield tag="504" ind1=" " ind2=" ">
    <subfield code="a">Includes bibliographical references and index.</subfield>
  </datafield>
  <datafield tag="505" ind1="0" ind2=" ">
    <subfield code="a">Key foundations of successful project planning and management -- Differentiating quality improvement projects and quality improvement research -- The institutional review board process -- Synergistic interprofessional teams : essential drivers of patient-centered care -- Managing the interprofessional project team -- Making the case for a project : needs assessment -- Using findings from the clinical needs assessment to develop, implement, and manage sustainable projects -- Role of information technology in project planning and management -- Developing metrics which support projects and programs -- Measuring the value within organization and healthcare systems -- Disseminating results of meaningful projects and their management.</subfield>
  </datafield>
  <datafield tag="520" ind1=" " ind2=" ">
    <subfield code="a">"Project Planning and Management: A Guide for Nurses and Interprofessional Teams, Second Edition serves as a primary resource for students developing and implementing clinical projects as a requirement for course completion. Additionally, the text also serves as a guide for faculty and preceptors who assist students in identifying clinical and management gaps as well as in initiating projects"--</subfield>
  </datafield>
  <datafield tag="650" ind1=" " ind2="7">
    <subfield code="a">Nursing services</subfield>
    <subfield code="x">Administration.</subfield>
    <subfield code="2">BUEsh</subfield>
    <subfield code="9">32499</subfield>
  </datafield>
  <datafield tag="650" ind1=" " ind2="7">
    <subfield code="a">Project management.</subfield>
    <subfield code="2">BUEsh</subfield>
    <subfield code="9">11664</subfield>
  </datafield>
  <datafield tag="651" ind1=" " ind2=" ">
    <subfield code="2">BUEsh</subfield>
  </datafield>
  <datafield tag="653" ind1=" " ind2=" ">
    <subfield code="b">NNUR</subfield>
    <subfield code="c">December2016</subfield>
  </datafield>
  <datafield tag="655" ind1=" " ind2=" ">
    <subfield code="v">Text book</subfield>
    <subfield code="9">33728</subfield>
  </datafield>
  <datafield tag="700" ind1="1" ind2=" ">
    <subfield code="a">Harris, James L.</subfield>
    <subfield code="q">(James Leonard),</subfield>
    <subfield code="d">1956- ,</subfield>
    <subfield code="e">editor.</subfield>
  </datafield>
  <datafield tag="942" ind1=" " ind2=" ">
    <subfield code="2">ddc</subfield>
  </datafield>
  <datafield tag="999" ind1=" " ind2=" ">
    <subfield code="c">23433</subfield>
    <subfield code="d">23405</subfield>
  </datafield>
  <datafield tag="952" ind1=" " ind2=" ">
    <subfield code="0">0</subfield>
    <subfield code="1">0</subfield>
    <subfield code="2">ddc</subfield>
    <subfield code="4">0</subfield>
    <subfield code="7">0</subfield>
    <subfield code="8">Baccah</subfield>
    <subfield code="a">MAIN</subfield>
    <subfield code="b">MAIN</subfield>
    <subfield code="c">1ST</subfield>
    <subfield code="d">2016-12-04</subfield>
    <subfield code="e">Purchase</subfield>
    <subfield code="g">532.00</subfield>
    <subfield code="h">25145</subfield>
    <subfield code="l">2</subfield>
    <subfield code="m">4</subfield>
    <subfield code="o">610.73068 PRO</subfield>
    <subfield code="p">000040247</subfield>
    <subfield code="r">2025-07-15 00:00:00</subfield>
    <subfield code="s">2021-01-20</subfield>
    <subfield code="v">665.00</subfield>
    <subfield code="y">BB</subfield>
  </datafield>
</record>
